000 007420am a2200229 004500
003 EG-GiCUC
008 080810s1979 ua a g f000 0 ara d
040 _aEG-GiCUC
_bara
_cEG-GiCUC
043 _af-ua---
092 0 4 _a631.587
_bE32
_221
099 _a04
_a631.587 E32
110 1 _aمصر.
_bوزارة الرى
245 1 0 _aخطة تطوير الرى فى مصر /
_cوزارة الرى
260 _aالقاهرة :
_bوزارة الرى :
_c1979
300 _a180ص :
_bايض ؛
_c24سم
650 7 _aالرى
_zمصر
_2qrmak
902 _a1
905 _aاميرة
_eمدخل
905 _aجيهان
_eمراجع
942 _2ddc
_cBK
999 _c101895
_d101895